Pearl by the river : (Record no. 144808)

MARC details
000 -LEADER
fixed length control field 00609nam a22001817a 4500
005 - DATE AND TIME OF LATEST TRANSACTION
control field 20170918105405.0
010 ## - LCCN (DPL NO)
LC control number 1718EN-30
020 ## - INTERNATIONAL STANDARD BOOK NUMBER
International Standard Book Number 9788129144881
Terms of availability 295.00
037 ## - SOURCE OF ACQUISITION
Source of stock number/acquisition Aakar Books
Stock number dpl
100 ## - MAIN ENTRY--PERSONAL NAME
Personal name Mitra, Sudipta
245 ## - TITLE STATEMENT
Title Pearl by the river :
Remainder of title Nawab Wajid Ali Shah's kingdom in exile /
Statement of responsibility, etc by Sudipta Mitra
260 ## - PUBLICATION, DISTRIBUTION, ETC. (IMPRINT)
Place of publication, distribution, etc New Delhi
Name of publisher, distributor, etc Rupa Pub.
Date of publication, distribution, etc 2017
270 ## - ADDRESS
Address 7/16, Ansari Road, Daryaganj,
City New Delhi
Postal code 110002
300 ## - PHYSICAL DESCRIPTION
Extent xviii,237p.
Dimensions 19cm(pbk)
500 ## - GENERAL NOTE
General note Includes bibliographical references
942 ## - ADDED ENTRY ELEMENTS (KOHA)
Source of classification or shelving scheme Dewey Decimal Classification
Item type English Books
Call number suffix MIT

No items available.


© Delhi Public Library
Hit Counter
free hit counter